000 01505nam2a2200229 4500
001 rc\2888926
005 20260315052837.0
035 _a(NLR Aleph) 007041332
090 _a13587461
_c13587461
100 _a20110723d1931 u y0rusy50 ca
101 0 _arus
102 _aRU
105 _ay z |||||
200 1 _aБетон
_eИсследовательские работы, проектирование составов и контроль на постройках
210 _d1931
461 0 _1001rc\2888923
_12001#$aˆ[‰Издания]$eВып. 2-№ 9$fВСНХ. Союзстрой СССР. Гос. науч.-экспериментальный ин-т гражд., пром. и инж. сооружений. Сектор бетонных и жел.-бетонных сооружений. Науч.-исслед. ин-т бетонов$vВып. № 4
_96100445
_aНаучно-исследовательский институт бетонов (Ленинград)
_cЛенинград
_d1931
_fВСНХ. Союзстрой СССР. Гос. науч.-экспериментальный ин-т гражд., пром. и инж. сооружений. Сектор бетонных и жел.-бетонных сооружений. Науч.-исслед. ин-т бетонов
_nБ. и.
_oВып. 2-№ 9
_tˆ[‰Издания]
_vВып. № 4
700 1 _aСкрамтаев
_bБ.Г.
801 0 _aRU
_bNLR
_gpsbo
801 1 _aRU
_bELAR
_2rusmarc
852 _aNLR
_j30-19/541
942 _cUNSPEC
980 _aNB